| 000 | 01227cam a2200241 4500 | ||
|---|---|---|---|
| 001 | WB4008-14 | ||
| 008 | 040225n2004 000 0 eng u | ||
| 035 | _a(Sirsi) u125228 | ||
| 245 | _aBetter planning enforcement | ||
| 260 | _c2004 | ||
| 490 |
_aODPM News Release _v(2004-0044) 25 February 2004 (2) |
||
| 520 | _aAs a result of the ODPM's "Review of the planning enforcement system in England", an amendment has been tabled to the Planning and Compulsory Purchase Bill to enable local planning authorities to issue a temporary stop notice'at the start of unauthorised development before an enforcement notice is served. For the ODPM news release: http://www.odpm.gov.uk/pns/DisplayPN.cgi?pn_id=200 4_0044 For the full text of the Review of the Planning Enforcement System in England': http://www.odpm.gov.uk/stellent/groups/odpm_planni ng/documents/page/odpm_plan_605829.hcsp | ||
| 590 | _aWB | ||
| 590 | _aWB | ||
| 650 | _aPLANNING ENFORCEMENT | ||
| 650 | _aPLANNING ENFORCEMENT APPEALS | ||
| 650 |
_aCompulsory purchase _96228 |
||
| 650 | _aPLANNING SYSTEM | ||
| 650 | _aLOCAL PLANNING AUTHORITIES | ||
| 650 | _aPLANNING AND COMPULSORY PURCHASE ACT 2004 | ||
| 690 | _aPLANNING-PLANNING LAW | ||
| 942 | _n0 | ||
| 999 |
_c117053 _d117053 |
||